000 00904nam a2200229Ia 4500
999 _c37536
_d37536
001 3500
003 GE_BSU
005 20190619150808.0
008 181216s1999||||ge |||||||||||||| ||geo||
040 _cGE_BSU
041 _ageo
080 _a663.1(075.8) კ–45
100 _aკვესიტაძე, გიორგი
_92606
245 _aბიოტექნოლოგია /
_cრედ.: ე. კირთაძე, ა. შალაშვილი.
264 _aთბილისი :
_bეტრატი,
_c1999.
300 _a432 გვ.;
_b20 სმ.
653 _aბიოტექნოლოგია
700 _aკვესიტაძე, ედიშერ
_eავტორი
_92607
700 _aკირთაძე, ე.
_eრედაქტორი
_92608
700 _aშალაშვილი, ა.
_eრედაქტორი
_92609
942 _cBK
_2udc